000 00688nam a2200241Ia 4500
003 OSt
005 20220927105431.0
006 a|||||r|||| 00| 0
007 ta
008 220926b |||||||| |||| 00| 0 eng d
024 _a172612
037 _cReference Collections
040 _aRTL
_cRTL
_beng
041 _2eng
_aeng
082 _a"X9.2.901 - P0r, P1/GD"
110 _aRALLIS INDIA LIMITED.
_9372494
245 0 _a53rd Annual report 2000-01.
260 _aMumbai
_bR.I.L
_c2001
300 _a158p.
_ccm.
700 _aRALLIS INDIA LIMITED.
_9372495
942 _h"X9.2.901 - P0r, P1/GD"
_cCC
999 _c692534
_d692534